000 00538nam a2200205Ia 4500
005 20250923144453.0
008 008 250917s9999 xx 000 0 eng d
037 _aTextual
040 _aDSWL
_beng
_cDSWL
041 _aeng
_2eng
084 _qDSWL
100 _aRobert, Henry M
_9825228
245 0 _aRajasthan Symposium
_cby Henry M Robert
260 _aJaipur
_bDirectorate of Public Relations
_c1951
300 _aiv,210p.
365 _aINR
_b18
925 _g18
942 _cTEXL
999 _c1439291
_d1439291